Indovina la capitale europea da un luogo #2 - Statistics

Statistiche generali
  • Questo quiz è stato fatto 38 volte
  • Il punteggio medio è 6 su 16
Statistiche sulle risposte
con Immagini Risposta % Corretto
Mosca
97%
Budapest
75%
Copenaghen
72%
Città del Vaticano
63%
Sofia
50%
Bucarest
47%
Helsinki
41%
Zagabria
41%
Kiev
31%
Tirana
28%
Bratislava
22%
Varsavia
16%
Berna
13%
Skopje
6%
Vilnius
6%
Belgrado
0%
Nessun quiz corrispondente trovato
Distribuzione punteggi
Percentuale di utenti per punteggio
Percentile per numero di risposta
I tuoi punteggi nel tempo
Non hai fatto questo quiz